000 00742nam a2200253Ia 4500
003 OSt
005 20221005022300.0
006 a|||||r|||| 00| 0
007 ta
008 221004b |||||||| |||| 00| 0 urd d
020 _a9788190562492 (pbk)
_c200
024 _a19245
037 _b4344, 18/12/2014, Kitabi Duniya
_cTextual
040 _aCRL
_cCRL
_burd
041 _2urd
_aurd
082 _aP168:795, Q3
100 _aRaees Qamar Au.
245 0 _aTarjume ka fun aur riwayat
260 _aAligarh
_bEducational Book House India
_c2013
300 _a336p.
_ccm.
650 _aURDU LANGUAGE
942 _hP168:795, Q3
_cTEXL
_2cc
999 _c928988
_d928988